Antonio Gramsci and the question of religion : (Record no. 125712)
[ view plain ]
| 000 -LEADER | |
|---|---|
| fixed length control field | 01274cam a22003138i 4500 |
| 001 - CONTROL NUMBER | |
| control field | 19032108 |
| 003 - CONTROL NUMBER IDENTIFIER | |
| control field | ARRUPE |
| 005 - DATE AND TIME OF LATEST TRANSACTION | |
| control field | 20161110122635.0 |
| 008 - FIXED-LENGTH DATA ELEMENTS--GENERAL INFORMATION | |
| fixed length control field | 160325s2016 nyu b 001 0 eng |
| 010 ## - LIBRARY OF CONGRESS CONTROL NUMBER | |
| LC control number | 2016013411 |
| 020 ## - INTERNATIONAL STANDARD BOOK NUMBER | |
| International Standard Book Number | 9781138190641 (alk. paper) |
| 040 ## - CATALOGING SOURCE | |
| Original cataloging agency | DLC |
| Language of cataloging | eng |
| Description conventions | rda |
| Transcribing agency | DLC |
| 042 ## - AUTHENTICATION CODE | |
| Authentication code | pcc |
| 050 00 - LIBRARY OF CONGRESS CALL NUMBER | |
| Classification number | BJ1188 |
| Item number | .G74 2016 |
| 082 00 - DEWEY DECIMAL CLASSIFICATION NUMBER | |
| Classification number | 195 |
| Edition number | 23 |
| 300 ## - PHYSICAL DESCRIPTION | |
| Dimensions | 23cm. |
| 100 1# - MAIN ENTRY--PERSONAL NAME | |
| Personal name | Grelle, Bruce, |
| Relator term | author. |
| 9 (RLIN) | 27403 |
| 245 10 - TITLE STATEMENT | |
| Title | Antonio Gramsci and the question of religion : |
| Remainder of title | ideology, ethics, and hegemony / |
| Statement of responsibility, etc | Bruce Grelle. |
| 260 ## - PUBLICATION, DISTRIBUTION, ETC. (IMPRINT) | |
| Place of publication, distribution, etc | London |
| Name of publisher, distributor, etc | Routledge |
| Date of publication, distribution, etc | 2016 |
| 300 ## - PHYSICAL DESCRIPTION | |
| Extent | viii, 148p. ; |
| 504 ## - BIBLIOGRAPHY, ETC. NOTE | |
| Bibliography, etc | Includes bibliographical references and index. |
| 505 0# - FORMATTED CONTENTS NOTE | |
| Formatted contents note | Religious ethics, ideology, and culture -- Antonio Gramsci and "the question of religion or worldview" -- Myth, religion, and the intellectuals -- World order in a global age -- Religion, ethics, and the discourses of social change -- Religion, ethics, and ideology. |
| 600 10 - SUBJECT ADDED ENTRY--PERSONAL NAME | |
| Personal name | Gramsci, Antonio, |
| Dates associated with a name | 1891-1937 |
| General subdivision | Influence. |
| 9 (RLIN) | 27404 |
| 650 #0 - SUBJECT ADDED ENTRY--TOPICAL TERM | |
| Topical term or geographic name as entry element | Religious ethics. |
| 9 (RLIN) | 27405 |
| 650 #0 - SUBJECT ADDED ENTRY--TOPICAL TERM | |
| Topical term or geographic name as entry element | Religion. |
| 9 (RLIN) | 27406 |
| 650 #0 - SUBJECT ADDED ENTRY--TOPICAL TERM | |
| Topical term or geographic name as entry element | Ethics. |
| 9 (RLIN) | 27407 |
| 906 ## - LOCAL DATA ELEMENT F, LDF (RLIN) | |
| a | 7 |
| b | cbc |
| c | orignew |
| d | 1 |
| e | ecip |
| f | 20 |
| g | y-gencatlg |
| 942 ## - ADDED ENTRY ELEMENTS (KOHA) | |
| Source of classification or shelving scheme | Library of Congress Classification |
| Koha item type | Monograph ( Printed materials) |
| Withdrawn status | Lost status | Source of classification or shelving scheme | Damaged status | Not for loan | Collection code | Home library | Current library | Shelving location | Date acquired | Total Checkouts | Full call number | Barcode | Date last seen | Price effective from | Koha item type |
|---|---|---|---|---|---|---|---|---|---|---|---|---|---|---|---|
| Library of Congress Classification | Main Collection | ARRUPE LIBRARY | ARRUPE LIBRARY | Main Collection | 10/11/2016 | B3630.G65 G74 | 46500009915 | 10/11/2016 | 10/11/2016 | Monograph ( Printed materials) |